000
00314nam a22001337a 4500
008
181218b xxu||||| |||| 00| 0 eng d
020
_a
9780201407976
041
_a
eng
080
_a
610
100
_a
4
101
_a
SHM
245
_a
The Doctor's Guide to Chronic Fatigue Syndrome
_c
Bell, D.S
942
_2
udc
_c
BK
999
_c
53408
_d
53408